Alle Bundesliga Vereine 25/26 - Statistiken

Allgemein
  • Dieses Quiz wurde 109 mal gespielt
  • Das Durchschnittsergebnis liegt bei 15 aus 18
Antwortstatistiken
Antwort % Korrekt
Bayern München
97%
Dortmund
91%
St. Pauli
90%
Frankfurt
88%
Leverkusen
88%
Hoffenheim
87%
Köln
86%
Leipzig
86%
Stuttgart
86%
Freiburg
85%
Mainz
85%
Heidenheim
84%
Union Berlin
84%
Bremen
82%
Augsburg
81%
Wolfsburg
81%
Hamburger SV
80%
Gladbach
74%
Keine übereinstimmenden Quizze gefunden
Verteilung der Resultate
Anzahl Personen mit jedem Resultat
Perzentil nach korrekt beantworteten Fragen
Ihre Resultats-Entwicklung
Sie haben dieses Quiz noch nicht gespielt